000
00319nam a22001337a 4500
008
170220b xxu||||| |||| 00| 0 eng d
020
_a
9780766814325
041
_a
eng
080
_2
2ND
_a
615
100
_a
5
101
_a
SHF
245
_a
PHARMACY TECHNICIAN CERTIFICATION EXAM REVIEW
_c
ANTHONY, P.K
942
_2
udc
_c
BK
999
_c
5894
_d
5894